000 00728nam a2200217 a 4500
001 000035728
005 20200930074550.0
008 111109s1979 sp 000 0 spa d
020 _a8474260515
040 _aDO-SdBNP
_bspa
_cBNPHU
041 1 7 _aspa
_heng
100 1 _aFarrington, Benjamin,
_d1891-1974
_944087
245 1 0 _aCiencia griega /
_cBenjamin Farrington ; traducción Elsa Ariadna Nikos.
260 _aBarcelona :
_bIcaria Editorial,
_c1979.
300 _a302 p. ;
_c20 cm.
490 0 _aIcaria ;
_v26
590 _aPerteneció a la biblioteca personal de Juan Isidro Jimenes Grullón.
650 2 4 _aCiencia
_zGrecia
_xHistoria
_961661
700 1 _aNikos, Elsa Ariadna,
_etr.
_961662
830 0 _aIcaria ;
_n26
_961663
999 _c35219
_d35219